[Event "December Tournament 2"]
[Site "SchemingMind.com"]
[Date "2017.12.18"]
[Round "-"]
[White "kenneth m day"]
[Black "Wojtek26"]
[Result "1-0"]
[WhiteCountry "USA"]
[BlackCountry "POL"]
[WhiteElo "1759"]
[WhiteRD "62"]
[BlackElo "1426"]
[BlackRD "54"]
[GameID "422027"]

1. e4 e5 2. Nf3 Nc6 3. c3 Nf6 4. d4 exd4 5. e5 Ng4 6. cxd4 f6 7. Bc4 fxe5 8. Qe2 Bb4+ 9. Bd2 Bxd2+ 10. Nbxd2 Na5
11. Nxe5 Nxe5 12. Qxe5+ Qe7 13. Qxe7+ Kxe7 14. Bd3 g6 15. O-O d6 16. Rfe1+ Kd8 17. Re3 Bd7 18. Rae1 Bc6 19. Re7 b5 20. Rg7 a6
21. Ree7 Rc8 22. Rxh7 Rxh7 23. Rxh7 Be8 24. Rh8 Ke7 25. Bxg6 Nc4 26. Nxc4 bxc4 27. f4 Rd8 28. Rxe8+ Rxe8 29. Bxe8 Kxe8 30. Kf2 Kf7
31. g4 c5 32. d5
1-0

[Event "December Tournament 2"]
[Site "SchemingMind.com"]
[Date "2017.12.19"]
[Round "-"]
[White "Wojtek26"]
[Black "kenneth m day"]
[Result "0-1"]
[WhiteCountry "POL"]
[BlackCountry "USA"]
[WhiteElo "1425"]
[WhiteRD "58"]
[BlackElo "1716"]
[BlackRD "59"]
[GameID "422028"]

1. d4 Nf6 2. e3 d6 3. Nf3 g6 4. Be2 Bg7 5. O-O O-O 6. h3 c5 7. Nc3 Nc6 8. dxc5 dxc5 9. Rb1 Bd7 10. a3 Qc7
11. Nb5 Qc8 12. Bc4 a6 13. Nc3 Qc7 14. b4 cxb4 15. axb4 Rfd8 16. b5 axb5 17. Bxb5 Bxh3 18. Qe2 Bg4 19. Bb2 Ne5 20. Rfd1 h5
21. Na4 Nxf3+ 22. gxf3 Bh3 23. Qe1 Qxc2 24. Nc3 Qf5 25. Ne4 Nxe4 26. fxe4 Qg4+
0-1

[Event "December Tournament 2"]
[Site "SchemingMind.com"]
[Date "2017.12.19"]
[Round "-"]
[White "echecs"]
[Black "kenneth m day"]
[Result "1-0"]
[WhiteCountry "ENG"]
[BlackCountry "USA"]
[WhiteElo "1736"]
[WhiteRD "65"]
[BlackElo "1717"]
[BlackRD "58"]
[GameID "422074"]

1. e4 e5 2. Nf3 Nc6 3. Bc4 Bc5 4. O-O Nf6 5. Ng5 d5 6. exd5 Nxd5 7. Nxf7 Kxf7 8. Qf3+ Ke6 9. Nc3 Ne7 10. Nxd5 Nxd5
11. c3 c6 12. d4 Bd6 13. dxe5 Bxe5 14. Re1 Qf6 15. Qg4+ Kd6 16. Qd1 Be6 17. Bb3 Kc7 18. Qe2 Kd6 19. c4 Nf4 20. c5+ Kxc5
21. Qxe5+ Qxe5 22. Rxe5+ Nd5 23. Rxe6 Rad8 24. Bg5 Rd7 25. Rc1+ Kb6 26. Be3+ Kc7 27. Bxa7 Ra8 28. Bc5 Rad8 29. h3 Nf4 30. Re4 Nd3
31. Rc3 Nxb2 32. Rg3 g6 33. Bb4 Nd3 34. Be7 Ra8 35. Ree3 Nc1 36. Bg5 Nxb3 37. Bf4+ Kd8 38. axb3 Ra1+ 39. Kh2 Ra2 40. Bg5+ Kc7
41. Rgf3 Ra1 42. Rd3 Rxd3 43. Rxd3 Ra2 44. Bd8+ Kc8 45. Bb6
1-0

[Event "December Tournament 2"]
[Site "SchemingMind.com"]
[Date "2017.12.19"]
[Round "-"]
[White "kenneth m day"]
[Black "echecs"]
[Result "1-0"]
[WhiteCountry "USA"]
[BlackCountry "ENG"]
[WhiteElo "1716"]
[WhiteRD "59"]
[BlackElo "1785"]
[BlackRD "73"]
[GameID "422075"]

1. e4 e5 2. Nf3 Nc6 3. c3 d6 4. d4 Bd7 5. Bc4 Be7 6. O-O Nf6 7. dxe5 Nxe5 8. Nxe5 dxe5 9. Bg5 Nxe4 10. Bxe7 Qxe7
11. Re1 Nd6 12. Bb3 O-O 13. Nd2 Kh8 14. Qh5 f6 15. Rad1 Be6 16. Bc2 h6 17. Nf3 Bf7 18. Qh4 Rad8 19. Nxe5 Kg8 20. Ng6 Qxe1+
21. Rxe1 Rfe8 22. Rxe8+ Rxe8 23. f4 Re2 24. Bd3 Rd2 25. Qg3 Rxb2 26. Ne7+ Kf8 27. Ng6+ Ke8 28. Qe3+ Kd7 29. Nf8+ Kc6 30. Qe7 Rxa2
31. Qd7+ Kb6 32. Qd8 Rd2 33. Nd7+ Kc6 34. Nb8+ Kb6 35. Bf1 a6 36. Qd7 Rd1 37. Qa4 Rb1 38. Qd4+ Ka5 39. Qc5+ Ka4 40. Qxc7 Bc4
41. h3 Rxf1+ 42. Kh2 Rd1 43. Qxg7 Kb3 44. Qxf6 a5 45. Nd7 b5 46. Nc5+ Ka2 47. Qg6 a4 48. Qc2+ Ka3 49. Qxd1 Nf7 50. Qa1+ Ba2
51. Qc1#
1-0

[Event "December Tournament 2"]
[Site "SchemingMind.com"]
[Date "2017.12.18"]
[Round "-"]
[White "echecs"]
[Black "Wojtek26"]
[Result "1-0"]
[WhiteCountry "ENG"]
[BlackCountry "POL"]
[WhiteElo "1808"]
[WhiteRD "69"]
[BlackElo "1457"]
[BlackRD "52"]
[GameID "422076"]

1. e4 e5 2. Nf3 Nc6 3. Bc4 Nf6 4. Ng5 d5 5. exd5 Na5 6. Bb5+ Bd7 7. Qe2 a6 8. Qxe5+ Be7 9. Bxd7+ Qxd7 10. Nc3 Nc4
11. Qd4 b5 12. Nf3 O-O 13. O-O Rac8 14. b3 Nb6 15. Re1 Rfe8 16. Bb2 Nbxd5 17. Nxd5 Nxd5 18. Qxg7#
1-0

[Event "December Tournament 2"]
[Site "SchemingMind.com"]
[Date "2017.12.18"]
[Round "-"]
[White "Wojtek26"]
[Black "echecs"]
[Result "0-1"]
[WhiteCountry "POL"]
[BlackCountry "ENG"]
[WhiteElo "1426"]
[WhiteRD "54"]
[BlackElo "1797"]
[BlackRD "72"]
[GameID "422077"]

1. d4 d6 2. e3 c6 3. Nf3 Bg4 4. h3 Bh5 5. g4 Bg6 6. Bg2 h6 7. O-O Nf6 8. Nc3 b5 9. Nh4 Bh7 10. a3 a6
11. b4 e6 12. Bb2 Nfd7 13. Ne2 Qxh4 14. Nf4 Nb6 15. Rc1 Nc4 16. Rb1 d5 17. Nd3 Nd7 18. Nc5 Bd6 19. f4 Nxe3 20. Qe1 Qxe1
21. Rfxe1 Nxc2 22. Re2 Nxd4 23. Rbe1 Nxe2+ 24. Rxe2 Nxc5 25. bxc5 Bxc5+ 26. Kh1 O-O 27. f5 exf5 28. gxf5 Bxf5
0-1

[Event "December Tournament 2"]
[Site "SchemingMind.com"]
[Date "2017.12.24"]
[Round "-"]
[White "echecs"]
[Black "Scooter"]
[Result "1-0"]
[WhiteCountry "ENG"]
[BlackCountry "USA"]
[WhiteElo "1808"]
[WhiteRD "69"]
[BlackElo "1671"]
[BlackRD "51"]
[GameID "422209"]

1. e4 c6 2. d4 d5 3. Nc3 dxe4 4. Nxe4 Bf5 5. Ng3 Bg6 6. h4 h6 7. h5 Bh7 8. Nf3 Nd7 9. Bd3 Bxd3 10. Qxd3 Qc7
11. Bd2 e6 12. O-O-O Ngf6 13. Rh4 Bd6 14. Ne4 Nxe4 15. Qxe4 Nf6 16. Qe2 O-O-O 17. Kb1 Rhe8 18. Ne5 Bxe5 19. dxe5 Nd5 20. Ra4 Kb8
21. Ba5 Nb6 22. Rb4 Rxd1+ 23. Qxd1 Qxe5 24. Bxb6 axb6 25. Rxb6 Qc5 26. Rb3 Qxf2 27. a3 Qxg2 28. Qd7
1-0

[Event "December Tournament 2"]
[Site "SchemingMind.com"]
[Date "2017.12.24"]
[Round "-"]
[White "Scooter"]
[Black "echecs"]
[Result "0-1"]
[WhiteCountry "USA"]
[BlackCountry "ENG"]
[WhiteElo "1671"]
[WhiteRD "51"]
[BlackElo "1808"]
[BlackRD "69"]
[GameID "422210"]

1. d4 d6 2. Nf3 c6 3. Bf4 Nf6 4. e3 Nbd7 5. Be2 g6 6. O-O Bg7 7. Nbd2 O-O 8. c4 a6 9. Rb1 b5 10. b3 Nh5
11. Bg5 Nhf6 12. Bxf6 Nxf6 13. Qc2 Bf5 14. Bd3 Bxd3 15. Qxd3 b4 16. Ne4 a5 17. Nxf6+ Bxf6 18. e4 c5 19. Rfe1 cxd4 20. Nxd4 Qb6
21. Nf3 Bc3 22. Red1 Qa6 23. Nd4 Qc8 24. Nb5 Be5 25. Nd4 Qg4 26. Nc6 Bf6 27. f3 Qd7 28. Nd4 Rfc8 29. Nb5 Rc5 30. Qe3 Rac8
31. Rd5 Kg7 32. Rbd1 Qb7 33. Kf2 a4 34. f4 h6 35. e5 dxe5 36. fxe5 Bg5 37. Qd4 Rxd5 38. Qxd5 Qb6+ 39. Qd4 Qa6 40. e6+ Bf6
41. Qd5 fxe6 42. Qd7 axb3 43. axb3 Rf8 44. Nc7 Be5+ 45. Ke2 Bxc7 46. Qxc7 Rf7 47. Qe5+ Rf6 48. Rd2 Qb7 49. g4 Qf3+ 50. Ke1 Qf1#
0-1

[Event "December Tournament 2"]
[Site "SchemingMind.com"]
[Date "2017.12.22"]
[Round "-"]
[White "Scooter"]
[Black "kenneth m day"]
[Result "1-0"]
[WhiteCountry "USA"]
[BlackCountry "USA"]
[WhiteElo "1679"]
[WhiteRD "56"]
[BlackElo "1716"]
[BlackRD "59"]
[GameID "422211"]

1. d4 Nf6 2. Nf3 d6 3. Bf4 g6 4. e3 Bg7 5. Be2 O-O 6. O-O Bg4 7. Nbd2 Nc6 8. c3 Re8 9. h3 Bd7 10. Qc2 Nd5
11. Bg3 e5 12. dxe5 Nxe5 13. Nxe5 dxe5 14. Bc4 Bc6 15. Rfd1 Ne7 16. Qb3 a6 17. Bxf7+ Kh8 18. Bxe8 Qxe8 19. e4 Rd8 20. f3 b5
21. Bh4 Bh6 22. Nf1 Bd7 23. Nh2 g5 24. Bg3 Nc6 25. Ng4 Bg7 26. Rd2 Bxg4 27. Rxd8 Nxd8 28. hxg4 Ne6 29. Rd1 Nc5 30. Qd5 Ne6
31. Bxe5 Bxe5 32. Qxe5+ Kg8 33. Qd5 Kf7 34. Qd7+ Qxd7 35. Rxd7+ Kg6 36. Kf2 h6 37. Re7 Kf6 38. Re8 Nc5 39. Ke3 Ne6 40. Ra8 Nc5
41. b4
1-0

[Event "December Tournament 2"]
[Site "SchemingMind.com"]
[Date "2017.12.22"]
[Round "-"]
[White "kenneth m day"]
[Black "Scooter"]
[Result "0-1"]
[WhiteCountry "USA"]
[BlackCountry "USA"]
[WhiteElo "1716"]
[WhiteRD "59"]
[BlackElo "1679"]
[BlackRD "56"]
[GameID "422212"]

1. e4 c6 2. c4 d5 3. cxd5 cxd5 4. exd5 Qxd5 5. d4 Nf6 6. Nf3 Bg4 7. Nc3 Qa5 8. Bd2 e6 9. Be2 Qd8 10. Bg5 Be7
11. h3 Bxf3 12. Bxf3 Qb6 13. Qd2 O-O 14. O-O Nc6 15. Be3 Rad8 16. Bxc6 Qxc6 17. Rac1 Ne4 18. Qd3 Nxc3 19. Rxc3 Qd5 20. b3 Rd7
21. Rfc1 b6 22. Rc7 Rfd8 23. Rc8 e5 24. Rxd8+ Rxd8 25. Rc4 Bf6 26. Bc1 exd4 27. Rc7 a5 28. Bf4 Re8 29. Rc1 Bg5 30. Bxg5 Qxg5
31. Rd1 Rd8 32. Qe4 Qd5 33. Qxd5 Rxd5 34. f4 f5 35. Rd3 b5 36. Kf2 b4 37. g4 g6 38. Kf3 Kf7 39. Ke2 fxg4 40. hxg4 Kf6
41. Kf3 h5 42. gxh5 gxh5 43. Ke4 Rd7 44. Rxd4 Rxd4+ 45. Kxd4 Kf5 46. Ke3 h4 47. Kf3 h3 48. Kg3 h2 49. Kxh2 Kxf4 50. Kg2 Ke3
51. Kg3 Kd3 52. Kf3 Kc2 53. Ke3 Kb2 54. Kd3 Kxa2 55. Kc4 Kb2 56. Kb5 Kxb3
0-1

[Event "December Tournament 2"]
[Site "SchemingMind.com"]
[Date "2017.12.23"]
[Round "-"]
[White "Scooter"]
[Black "Wojtek26"]
[Result "1-0"]
[WhiteCountry "USA"]
[BlackCountry "POL"]
[WhiteElo "1671"]
[WhiteRD "51"]
[BlackElo "1457"]
[BlackRD "52"]
[GameID "422213"]

1. d4 d5 2. Nf3 e6 3. Bf4 Nf6 4. e3 g6 5. Be2 Bg7 6. O-O O-O 7. Nbd2 Nbd7 8. h3 c5 9. c3 c4 10. Qc2 Nb6
11. e4 dxe4 12. Nxe4 Nxe4 13. Qxe4 Qe7 14. Ne5 Nd7 15. Nxc4 b6 16. Bd6 Qd8 17. Qxa8 Nf6 18. Bxf8 Qxf8 19. Nd6 Qxd6 20. Qxc8+ Qf8
21. Qxf8+ Bxf8 22. Bc4 Ne4 23. Rad1 Bh6 24. f4 Nd6 25. Bd3 Nf5 26. Bxf5 gxf5 27. d5 exd5 28. Rxd5
1-0

[Event "December Tournament 2"]
[Site "SchemingMind.com"]
[Date "2017.12.26"]
[Round "-"]
[White "Wojtek26"]
[Black "Scooter"]
[Result "0-1"]
[WhiteCountry "POL"]
[BlackCountry "USA"]
[WhiteElo "1457"]
[WhiteRD "52"]
[BlackElo "1671"]
[BlackRD "51"]
[GameID "422214"]

1. d4 Nf6 2. c4 g6 3. e3 Bg7 4. Nf3 O-O 5. Be2 b6 6. O-O Bb7 7. Nbd2 d6 8. a3 Nbd7 9. b4 Re8 10. Bb2 e5
11. dxe5 Nxe5 12. Nxe5 dxe5 13. Nf3 e4 14. Nd2 c5 15. bxc5 bxc5 16. Rb1 Bc6 17. Nb3 Qxd1 18. Rfxd1 Ba4 19. Nxc5 Bxd1 20. Rxd1 Rab8
21. Bd4 Red8 22. Bxf6 Rxd1+ 23. Bxd1 Rb1 24. g3 Rxd1+ 25. Kg2 Bxf6 26. Nd7 Kg7 27. Nc5 Be7 28. Nxe4 Bxa3 29. Nc3 Rc1 30. Nb5 Bc5
31. Nc7 Rxc4
0-1

[Event "December Tournament 2"]
[Site "SchemingMind.com"]
[Date "2017.12.24"]
[Round "-"]
[White "echecs"]
[Black "TheHornedReaper "]
[Result "0-1"]
[WhiteCountry "ENG"]
[BlackCountry "ROU"]
[WhiteElo "1797"]
[WhiteRD "72"]
[BlackElo "1672"]
[BlackRD "89"]
[GameID "422291"]

1. e4 e6 2. d4 d5 3. Nc3 Nf6 4. e5 Nfd7 5. a3 c5 6. Nf3 Nc6 7. Be3 cxd4 8. Bxd4 f6 9. exf6 Nxf6 10. Bb5 Bd6
11. O-O O-O 12. Be3 Bd7 13. Bg5 a6 14. Be2 Be7 15. Rb1 Rc8 16. h3 Rc7 17. Qd2 Qc8 18. Bf4 Ne4 19. Nxe4 dxe4 20. Bxc7 exf3
21. Bxf3 Qxc7 22. Rfd1 Ne5 23. Be4 Bc5 24. Bf3 Rxf3 25. Qg5 Rxf2 26. Kh1 Nf3 27. Rxd7 Qh2#
0-1

[Event "December Tournament 2"]
[Site "SchemingMind.com"]
[Date "2017.12.24"]
[Round "-"]
[White "TheHornedReaper "]
[Black "echecs"]
[Result "0-1"]
[WhiteCountry "ROU"]
[BlackCountry "ENG"]
[WhiteElo "1246"]
[WhiteRD "49"]
[BlackElo "1736"]
[BlackRD "65"]
[GameID "422292"]

1. e4 e5 2. Nf3 Nc6 3. Bb5 Nf6 4. d3 d6 5. h3 Bd7 6. c3 Be7 7. Be3 O-O 8. O-O a6 9. Ba4 b5 10. Bc2 Qc8
11. Nbd2 g6 12. Re1 Nh5 13. Nf1 f5 14. exf5 Bxf5 15. Bh6 Ng7 16. Ng3 Bd7 17. Qd2 Bxh3 18. Ng5 Bd7 19. N3e4 Rf5 20. Ng3 Bxg5
21. Bxg5 Rf7 22. Ne4 Nh5 23. Bd1 Bg4 24. Bxg4 Qxg4 25. Re2 Raf8 26. Bh6 Re8 27. Rae1 Nf4 28. Bxf4 Rxf4 29. Ng3 Qd7 30. Re4 Ref8
31. Rxf4 exf4 32. Ne4 f3 33. Qg5 Qf7 34. b3 Ne5 35. d4 Nd7 36. Qg3 fxg2 37. Qxg2 Qf5 38. Re2 Qh5 39. Ng3 Qg5 40. Qh3 Rf7
41. Qe6 Kg7 42. Qh3 h5 43. Kh2 Nf6 44. Qg2 Qh4+ 45. Kg1 Qg5 46. Qf3 h4 47. Qe3 Qxe3 48. Rxe3 hxg3 49. fxg3 Nd5 50. Rd3 Re7
51. Kf2 Rf7+
0-1

[Event "December Tournament 2"]
[Site "SchemingMind.com"]
[Date "2017.12.22"]
[Round "-"]
[White "Scooter"]
[Black "TheHornedReaper "]
[Result "1-0"]
[WhiteCountry "USA"]
[BlackCountry "ROU"]
[WhiteElo "1685"]
[WhiteRD "55"]
[BlackElo "1447"]
[BlackRD "120"]
[GameID "422293"]

1. d4 d5 2. Nf3 Bf5 3. e3 e6 4. Bd3 Bxd3 5. Qxd3 Nd7 6. O-O f5 7. Nbd2 Ngf6 8. c4 c6 9. cxd5 cxd5 10. Qb5 Qb6
11. Qxb6 Nxb6 12. b3 Bd6 13. Ng5 Ke7 14. Bb2 h6 15. Ngf3 Rac8 16. Nh4 Kf7 17. Rac1 Rxc1 18. Rxc1 Rc8 19. Rxc8 Nxc8 20. a3 Ne7
21. b4 Ng6 22. Nxg6 Kxg6 23. Nb3 b6 24. Bc3 Ne4 25. Be1 Kf7 26. f3 Nf6 27. Bg3 Bxg3 28. hxg3 g5 29. a4 Nd7 30. a5 Kf6
31. Kf2 e5 32. dxe5+ Kxe5 33. Nd4 bxa5 34. bxa5 Nc5 35. Nc6+ Kd6 36. Nxa7 Nb3 37. Nb5+ Kc5 38. a6 Kb6 39. a7 Kb7 40. Nc7
1-0

[Event "December Tournament 2"]
[Site "SchemingMind.com"]
[Date "2017.12.22"]
[Round "-"]
[White "TheHornedReaper "]
[Black "Scooter"]
[Result "0-1"]
[WhiteCountry "ROU"]
[BlackCountry "USA"]
[WhiteElo "1447"]
[WhiteRD "120"]
[BlackElo "1685"]
[BlackRD "55"]
[GameID "422294"]

1. e4 c6 2. d4 d5 3. Nc3 dxe4 4. Nxe4 Bf5 5. Ng3 Bg6 6. h4 h6 7. Nf3 Nd7 8. h5 Bh7 9. Bd3 Bxd3 10. Qxd3 Qc7
11. Bd2 O-O-O 12. O-O-O Ngf6 13. Ne4 Nxe4 14. Qxe4 Nf6 15. Qe2 e6 16. g3 Nd5 17. Ne5 Bd6 18. f4 Bxe5 19. dxe5 Rd7 20. Be3 Nxe3
21. Qxe3 Rxd1+ 22. Rxd1 Qb6 23. Qxb6 axb6 24. Rd6 Kc7 25. Kd2 Ra8 26. a3 Ra5 27. c4 Rc5 28. Kc3 b5 29. b3 bxc4 30. bxc4 b5
31. Rd4 bxc4 32. Rxc4 Ra5 33. a4 c5 34. g4 Kc6 35. g5 Kd5 36. gxh6 gxh6 37. Kd3 Ra8 38. Kc3 Rg8 39. a5 Rg3+
0-1

[Event "December Tournament 2"]
[Site "SchemingMind.com"]
[Date "2017.12.23"]
[Round "-"]
[White "kenneth m day"]
[Black "TheHornedReaper "]
[Result "1-0"]
[WhiteCountry "USA"]
[BlackCountry "ROU"]
[WhiteElo "1717"]
[WhiteRD "58"]
[BlackElo "1246"]
[BlackRD "49"]
[GameID "422295"]

1. e4 e6 2. d4 d5 3. Nd2 Nf6 4. e5 Nfd7 5. Bd3 c5 6. c3 Nc6 7. Ne2 cxd4 8. cxd4 Qb6 9. Nf3 Be7 10. O-O f6
11. Qc2 fxe5 12. Bxh7 e4 13. Bg6+ Kd8 14. Ne5 Ndxe5 15. dxe5 Nxe5 16. Qc3 Bf6 17. Qg3 Bd7 18. Nf4 Bh4 19. Qc3 Bf6 20. Qa3 Nc4
21. Qb3 Qc7 22. Rb1 Be5 23. Be3
1-0

[Event "December Tournament 2"]
[Site "SchemingMind.com"]
[Date "2017.12.23"]
[Round "-"]
[White "TheHornedReaper "]
[Black "kenneth m day"]
[Result "0-1"]
[WhiteCountry "ROU"]
[BlackCountry "USA"]
[WhiteElo "1246"]
[WhiteRD "49"]
[BlackElo "1717"]
[BlackRD "58"]
[GameID "422296"]

1. e4 e5 2. Nf3 Nc6 3. Bb5 f5 4. Nc3 Nf6 5. exf5 d6 6. O-O Bxf5 7. d4 exd4 8. Nxd4 Qd7 9. Re1+ Be7 10. Bf4 O-O
11. Rxe7 Bxc2 12. Bxc6 Qxe7 13. Qxc2 bxc6 14. Nxc6 Qd7 15. Nd4 a6 16. Bg3 Qg4 17. Nf3 Rab8 18. Re1 d5 19. h3 Qd7
0-1

[Event "December Tournament 2"]
[Site "SchemingMind.com"]
[Date "2017.12.23"]
[Round "-"]
[White "Wojtek26"]
[Black "TheHornedReaper "]
[Result "1-0"]
[WhiteCountry "POL"]
[BlackCountry "ROU"]
[WhiteElo "1498"]
[WhiteRD "62"]
[BlackElo "1246"]
[BlackRD "49"]
[GameID "422297"]

1. d4 d5 2. c4 e6 3. e3 Nf6 4. Nf3 Be7 5. Be2 O-O 6. O-O dxc4 7. Bxc4 a6 8. Nc3 b5 9. Bb3 Bb7 10. Bd2 Nbd7
11. h3 c5 12. dxc5 Bxc5 13. Bc2 Qc7 14. Ne4 Nxe4 15. Bxe4 Bxe4 16. Ng5 Bg6 17. Qe2 h6 18. Bc3 hxg5 19. Qg4 Be7 20. h4 gxh4
21. Rac1 Qb7 22. Rfd1
1-0

[Event "December Tournament 2"]
[Site "SchemingMind.com"]
[Date "2017.12.23"]
[Round "-"]
[White "TheHornedReaper "]
[Black "Wojtek26"]
[Result "0-1"]
[WhiteCountry "ROU"]
[BlackCountry "POL"]
[WhiteElo "1246"]
[WhiteRD "49"]
[BlackElo "1498"]
[BlackRD "62"]
[GameID "422298"]

1. e4 e5 2. Nf3 Nc6 3. Bb5 Nge7 4. O-O a6 5. Ba4 b5 6. Bb3 g6 7. c3 Bg7 8. Re1 Bb7 9. d4 exd4 10. cxd4 O-O
11. a3 Re8 12. Bc2 d5 13. e5 f6 14. Nc3 fxe5 15. dxe5 Nc8 16. e6 Qf6 17. Bg5 Qf8 18. Qe2 Bf6 19. Bxf6 Qxf6 20. Rad1 N8e7
21. Rd3 Nd4 22. Nxd4 Rf8
0-1

[Event "December Tournament 2"]
[Site "SchemingMind.com"]
[Date "2018.01.02"]
[Round "-"]
[White "echecs"]
[Black "William Lindberg"]
[Result "0-1"]
[WhiteCountry "ENG"]
[BlackCountry "USA"]
[WhiteElo "1808"]
[WhiteRD "69"]
[BlackElo "2407"]
[BlackRD "72"]
[GameID "422485"]

1. e4 e5 2. Nf3 Nc6 3. Bc4 Nf6 4. Ng5 d5 5. exd5 Na5 6. Bb5+ Bd7 7. Qe2 Bd6 8. Bxd7+ Qxd7 9. c4 c6 10. b4 Bxb4
11. Qxe5+ Kf8 12. O-O Nxc4 13. dxc6 Nxe5 14. cxd7 Nd3 15. Ba3 a5 16. f4 h6 17. Nh3 Nxd7 18. Rf3 N7c5 19. Nf2 Ne1 20. Rc3 Re8
21. Rc1 Nc2 22. Bxb4 axb4 23. Ng4 Nd3 24. Rf1 Nxa1 25. h3 Nc2 26. Kh2 Re2 27. Kg3 h5 28. Ne5 Nce1 29. Rg1 h4+ 30. Kg4 Nf2+
0-1

[Event "December Tournament 2"]
[Site "SchemingMind.com"]
[Date "2018.01.02"]
[Round "-"]
[White "William Lindberg"]
[Black "echecs"]
[Result "1-0"]
[WhiteCountry "USA"]
[BlackCountry "ENG"]
[WhiteElo "2407"]
[WhiteRD "72"]
[BlackElo "1808"]
[BlackRD "69"]
[GameID "422486"]

1. c4 c5 2. Nf3 Nf6 3. Nc3 Nc6 4. g3 g6 5. Bg2 Bg7 6. O-O a6 7. d4 cxd4 8. Nxd4 O-O 9. c5 Nh5 10. Be3 Qa5
11. Nd5 e6 12. Nb6 Rb8 13. Nb3 Qb4 14. f4 Bxb2 15. Bd2 Qb5 16. a4 Bd4+ 17. Kh1 Qxb6 18. cxb6 Bxb6 19. Bxc6 dxc6 20. Bc3 Ba7
21. g4 Ng7 22. Qd6 Ne8 23. Qe7 Ra8 24. Bb4
1-0

[Event "December Tournament 2"]
[Site "SchemingMind.com"]
[Date "2017.12.28"]
[Round "-"]
[White "Scooter"]
[Black "William Lindberg"]
[Result "0-1"]
[WhiteCountry "USA"]
[BlackCountry "USA"]
[WhiteElo "1671"]
[WhiteRD "51"]
[BlackElo "2407"]
[BlackRD "72"]
[GameID "422487"]

1. d4 Nf6 2. Nf3 d5 3. Bf4 c5 4. e3 Nc6 5. c3 Nh5 6. Bb5 Qb6 7. Bxc6+ bxc6 8. O-O Nxf4 9. Qb3 Nd3 10. Nbd2 c4
11. Qxb6 axb6
0-1

[Event "December Tournament 2"]
[Site "SchemingMind.com"]
[Date "2017.12.28"]
[Round "-"]
[White "William Lindberg"]
[Black "Scooter"]
[Result "1-0"]
[WhiteCountry "USA"]
[BlackCountry "USA"]
[WhiteElo "2407"]
[WhiteRD "72"]
[BlackElo "1671"]
[BlackRD "51"]
[GameID "422488"]

1. e4 c6 2. d4 d5 3. Nc3 dxe4 4. Nxe4 Bf5 5. Ng3 Bg6 6. Nf3 Qc7 7. h4 h6 8. Ne5 Bh7 9. Bf4 Qa5+ 10. c3 Nf6
11. Qb3 Qb6 12. Qxf7+
1-0

[Event "December Tournament 2"]
[Site "SchemingMind.com"]
[Date "2017.12.29"]
[Round "-"]
[White "kenneth m day"]
[Black "William Lindberg"]
[Result "0-1"]
[WhiteCountry "USA"]
[BlackCountry "USA"]
[WhiteElo "1759"]
[WhiteRD "62"]
[BlackElo "2414"]
[BlackRD "69"]
[GameID "422489"]

1. e4 e5 2. Nf3 Nc6 3. c3 d5 4. Qa4 f6 5. d3 Be6 6. exd5 Qxd5 7. Be3 Bd7 8. Qc2 O-O-O 9. Nbd2 f5 10. Bg5 Re8
11. Be2 h6 12. Bh4 g5 13. c4 Qe6 14. Bxg5 hxg5 15. Nxg5 Qg6 16. h4 Nd4 17. Qd1 e4 18. Kf1 Qxg5 19. g3 e3 20. Nf3 Qg7
21. Nxd4 exf2 22. Kxf2 Qxd4+ 23. Ke1 Bb4+ 24. Kf1 Bc5 25. Qe1 Rxh4 26. gxh4 Qf4+
0-1

[Event "December Tournament 2"]
[Site "SchemingMind.com"]
[Date "2017.12.28"]
[Round "-"]
[White "William Lindberg"]
[Black "kenneth m day"]
[Result "1-0"]
[WhiteCountry "USA"]
[BlackCountry "USA"]
[WhiteElo "2414"]
[WhiteRD "69"]
[BlackElo "1759"]
[BlackRD "62"]
[GameID "422490"]

1. d4 Nf6 2. Nf3 g6 3. c4 d6 4. Nc3 Bg7 5. e4 O-O 6. Be2 e5 7. O-O Nc6 8. d5 Ne7 9. h3 c6 10. Be3 cxd5
11. cxd5 b6 12. Qa4 a6 13. Qb4 Nd7 14. Qxd6 Re8 15. Qa3 Nc5 16. b4 Nd7 17. b5 a5 18. d6 Nf5 19. exf5 Nc5 20. fxg6 fxg6
21. Ng5 Qxd6 22. Bc4+ Be6 23. Nxe6 Kh8 24. Rad1 Qe7 25. Nxc5 bxc5 26. Ne4
1-0

[Event "December Tournament 2"]
[Site "SchemingMind.com"]
[Date "2018.01.01"]
[Round "-"]
[White "William Lindberg"]
[Black "Wojtek26"]
[Result "1-0"]
[WhiteCountry "USA"]
[BlackCountry "POL"]
[WhiteElo "2407"]
[WhiteRD "72"]
[BlackElo "1457"]
[BlackRD "52"]
[GameID "422491"]

1. c4 e5 2. Nc3 Nf6 3. Nf3 e4 4. Ng5 d5 5. cxd5 Nxd5 6. Ngxe4 Bf5 7. Nxd5 Qxd5 8. Nc3 Qc6 9. e4 Bd7 10. a3 Bd6
11. d4 O-O 12. Bd3 Re8 13. O-O b6 14. e5 Be7 15. Be4 Qe6 16. Bxa8
1-0

[Event "December Tournament 2"]
[Site "SchemingMind.com"]
[Date "2018.01.02"]
[Round "-"]
[White "Wojtek26"]
[Black "William Lindberg"]
[Result "0-1"]
[WhiteCountry "POL"]
[BlackCountry "USA"]
[WhiteElo "1426"]
[WhiteRD "54"]
[BlackElo "2414"]
[BlackRD "69"]
[GameID "422492"]

1. e4 e5 2. Nf3 Nc6 3. Bc4 Nf6 4. Nc3 Nxe4 5. Nxe4 d5 6. Bxd5 Qxd5 7. Nc3 Qd6 8. O-O Be6 9. d3 O-O-O 10. Nb5 Qd7
11. Re1 f6 12. Be3 a6 13. Nc3 g5 14. h3 g4 15. hxg4 Bxg4 16. Ne4 Qg7 17. Nc5 Bxc5 18. Bxc5 f5 19. a4 e4 20. Nh2 Bxd1
0-1

[Event "December Tournament 2"]
[Site "SchemingMind.com"]
[Date "2017.12.28"]
[Round "-"]
[White "William Lindberg"]
[Black "TheHornedReaper "]
[Result "1-0"]
[WhiteCountry "USA"]
[BlackCountry "ROU"]
[WhiteElo "2414"]
[WhiteRD "69"]
[BlackElo "1672"]
[BlackRD "89"]
[GameID "422493"]

1. e4 e6 2. d4 d5 3. e5 c5 4. c3 Nc6 5. Nf3 Qb6 6. Be2 cxd4 7. cxd4 Bb4+ 8. Nc3 Nge7 9. O-O Nf5 10. Kh1 Nfxd4
11. Be3 Bc5 12. Na4 Qa5 13. Nxd4 Nxd4 14. Bxd4 Bxd4 15. Qxd4 Bd7 16. Nc5 Qb6 17. b4 O-O 18. Rfc1 Bb5 19. Bxb5 Qxb5 20. a4 Qe8
21. Nxb7 Rb8 22. Rc7 Qd8 23. Nxd8
1-0

[Event "December Tournament 2"]
[Site "SchemingMind.com"]
[Date "2017.12.28"]
[Round "-"]
[White "TheHornedReaper "]
[Black "William Lindberg"]
[Result "0-1"]
[WhiteCountry "ROU"]
[BlackCountry "USA"]
[WhiteElo "1672"]
[WhiteRD "89"]
[BlackElo "2414"]
[BlackRD "69"]
[GameID "422494"]

1. e4 e5 2. Nf3 Nc6 3. Bb5 Nf6 4. d3 Bc5 5. O-O Nd4 6. Nxd4 Bxd4 7. c3 Bb6 8. Bg5 h6 9. Bh4 c6 10. Ba4 g5
11. Bg3 d6 12. Nd2 h5 13. h3 h4 14. Bh2 Rg8 15. Bc2 g4 16. hxg4 Bxg4 17. Nf3 Nh5 18. Qe2 Bh3 19. Ne1 Qg5 20. Qf3 Bg4
0-1

[Event "December Tournament 2"]
[Site "SchemingMind.com"]
[Date "2018.01.02"]
[Round "-"]
[White "echecs"]
[Black "Robert Bruce"]
[Result "0-1"]
[WhiteCountry "ENG"]
[BlackCountry "SCO"]
[WhiteElo "1797"]
[WhiteRD "72"]
[BlackElo "2313"]
[BlackRD "72"]
[GameID "422497"]

1. e4 c6 2. d4 d5 3. Nc3 dxe4 4. Nxe4 Bf5 5. Ng3 Bg6 6. h4 h6 7. Nf3 Nd7 8. Bd3 Bxd3 9. Qxd3 e6 10. Bd2 Ngf6
11. O-O-O Be7 12. h5 O-O 13. Ne4 Qb6 14. Nxf6+ Nxf6 15. Ne5 Rad8 16. Be3 Qc7 17. Qe2 Nd5 18. Bxh6 gxh6 19. g3 c5 20. Qg4+ Bg5+
21. Kb1 cxd4 22. Qxd4 Ne3 23. Qxd8 Qxc2+ 24. Ka1 Rxd8 25. Rxd8+ Bxd8 26. fxe3 Bf6
0-1